00826nam a22002417a 450000500170000001000110001702000100002803500130003803700160005104000120006708200160007910000350009524501360013026000410026627000110030730000200031850000190033865000190035765000430037694200250041999900190044495201210046320170124110210.0 a410713 c00.00 aA-953382 bCen Lib/Ret aDPLbEN a181.46bSAT aSatprakashananda, Swami934562 aMethods of knowledge :cby Swami Satprakashanandab perceptual, non-perceptual, and transcendental according to Advaita Vedà„nta / bGeorge Allen and UnwinaLondonc1965 bLondon a366p.c21cm(Hb) aIncludes index aAdvaita911921 aKnowledge, Theory of (Hinduism)938029 2ddccENh181.46mSAT c133469d133469 00104070aLbLd2015-07-27eCen Lib/Retg0.00l0o181.46 SATp410713r2015-07-27 00:00:00t1v0.00w2015-07-27yEN